|
|
|
|
| LEADER |
00000nas a2200000 a 4500 |
| 001 |
ssj0002531 |
| 003 |
WaSeSS |
| 005 |
20200512172242.0 |
| 006 |
m d |
| 007 |
cr n |
| 008 |
000426d20002009vaumx p s 0 a0eng c |
| 010 |
|
|
|a 00215085
|
| 022 |
|
|
|l 1529-8957
|y 1529-8957
|
| 035 |
|
|
|a (WaSeSS)ssj0002531
|
| 040 |
|
|
|a NSD
|b eng
|c NSD
|d ORU
|d IUL
|d MUQ
|d NSD
|d IUL
|d WAU
|d DLC
|d GUA
|d NYG
|d WAU
|d OCLCQ
|d IUL
|d OCLCF
|d OCLCO
|d GILDS
|d WaSeSS
|
| 042 |
|
|
|a pcc
|a nsdp
|
| 043 |
|
|
|a n-us---
|
| 050 |
0 |
0 |
|a LB1623.5
|b .S35
|
| 082 |
1 |
0 |
|a 373
|2 13
|
| 130 |
0 |
|
|a Principal leadership (Middle level ed.)
|
| 210 |
0 |
|
|a Princ. leadersh.
|b (Middle level ed.)
|
| 222 |
|
0 |
|a Principal leadership
|b (Middle level ed.)
|
| 245 |
1 |
0 |
|a Principal leadership
|h [electronic resource].
|
| 250 |
|
|
|a Middle level ed.
|
| 260 |
|
|
|a Reston, Va. :
|b National Association of Secondary School Principals,
|c c2000-c2009.
|
| 310 |
|
|
|a Nine no. a year
|
| 362 |
0 |
|
|a Vol. 1, no. 1 (Sept. 2000)-v. 9, no. 10 (June 2009).
|
| 500 |
|
|
|a Title from cover.
|
| 506 |
|
|
|a License restrictions may limit access.
|
| 580 |
|
|
|a Issued also in a high school ed.
|
| 580 |
|
|
|a Beginning in 2004, one no. a year issued jointly with: Principal leadership (High school ed.), and called: Principal leadership, annual NASSP Convention ed.
|
| 580 |
|
|
|a Merged with: Principal leadership (High school ed.);to form: Principal leadership.
|
| 650 |
|
0 |
|a Middle school principals
|z United States
|v Periodicals.
|
| 650 |
|
0 |
|a Middle school administrators
|z United States
|v Periodicals.
|
| 650 |
|
0 |
|a Middle schools
|z United States
|v Periodicals.
|
| 650 |
|
6 |
|a Directeurs d'école moyenne
|z États-Unis
|v Périodiques
|
| 650 |
|
6 |
|a Écoles moyennes
|z États-Unis
|x Administration
|v Périodiques
|
| 650 |
|
7 |
|a Middle school administrators.
|2 fast
|0 (OCoLC)fst01020517
|
| 650 |
|
7 |
|a Middle school principals.
|2 fast
|0 (OCoLC)fst01020529
|
| 650 |
|
7 |
|a Middle schools.
|2 fast
|0 (OCoLC)fst01020553
|
| 651 |
|
7 |
|a United States.
|2 fast
|0 (OCoLC)fst01204155
|
| 655 |
|
0 |
|a Electronic journals.
|
| 710 |
2 |
|
|a National Association of Secondary School Principals (U.S.)
|
| 775 |
1 |
|
|t Principal leadership (High school ed.)
|x 1538-9251
|w (DLC) 00260156
|w (OCoLC)44998698
|
| 780 |
0 |
0 |
|t Schools in the middle
|x 0276-4482
|w (DLC) 92662223
|w (OCoLC)7370677
|
| 785 |
1 |
7 |
|t Principal leadership (High school ed.)
|x 1538-9251
|w (DLC) 00260156
|w (OCoLC)44998698
|
| 785 |
1 |
7 |
|t Principal leadership
|w (DLC) 2009245012
|w (OCoLC)436869124
|
| 850 |
|
|
|a DLC
|
| 853 |
2 |
0 |
|8 1
|a v.
|b no.
|u 9
|v r
|i (year)
|j (month)
|w 9
|x 09
|y om06,07,08
|
| 856 |
4 |
0 |
|z Full text available from Research Library: 05/01/2002 to 06/30/2009
|u https://search.proquest.com/publication/26018
|
| 863 |
4 |
0 |
|8 1.1
|a 1-9
|i 2000-2009
|